16 Little Language Pictograms Quiz Stats

 Plays Quiz Updated Mar 23, 2018

Challenge
Share
Tweet
Score 0/16 Timer 06:00
21 Plays Today
Hint Answer % Correct
Thai
93.1%
Czech
87.6%
Portuguese
86.9%
Icelandic
84.7%
Cantonese
83.2%
French
82%
Basque
76.4%
Russian
74.9%
Hint Answer % Correct
Italian
74.6%
Arabic
69.7%
Korean
67%
Tagalog
56.5%
Esperanto
54.7%
Tamil
46.9%
Khmer
40.4%
Swedish
34.4%

You're not logged in!

Compare scores with friends on all Sporcle quizzes.
Join for Free
OR
Log In

You Might Also Like...

Show Comments

Extras

Top Quizzes Today


Score Distribution

Your Account Isn't Verified!

In order to create a playlist on Sporcle, you need to verify the email address you used during registration. Go to your Sporcle Settings to finish the process.

Report this User

Report this user for behavior that violates our Community Guidelines.

Details: